[Event "Hessen-ch U14/U18 Girls"]
[Site "Bad Homburg"]
[Date "2015.04.03"]
[Round "7"]
[White "Tessier, Sarah"]
[Black "Polak, Alice"]
[Result "1/2-1/2"]
[WhiteElo "1249"]
[BlackElo "1031"]
[PlyCount "24"]
[EventDate "2015.03.30"]
[EventType "swiss"]
[EventRounds "7"]
[EventCountry "GER"]
[SourceTitle "EXT 2017"]
[Source "ChessBase"]
[SourceDate "2016.10.25"]
[SourceVersion "1"]
[SourceVersionDate "2016.10.25"]
[SourceQuality "1"]

1. e4 e5 2. Nf3 Nf6 3. Nc3 Bb4 4. Bc4 0-0 5. 0-0 Bxc3 6. bxc3 Re8 7. Re1 c6 8. d4 d5 9. dxe5 Nxe4 10. Qd4 Bg4 11. Be2 Nd7 12. Bf4 Qe7 1/2-1/2

[Event "Hessen-ch U14/U18 Girls"]
[Site "Bad Homburg"]
[Date "2015.04.02"]
[Round "6"]
[White "Tessier, Sarah"]
[Black "Tampe, Katharina"]
[Result "0-1"]
[WhiteElo "1249"]
[BlackElo "1089"]
[PlyCount "94"]
[EventDate "2015.03.30"]
[EventType "swiss"]
[EventRounds "7"]
[EventCountry "GER"]
[SourceTitle "EXT 2017"]
[Source "ChessBase"]
[SourceDate "2016.10.25"]
[SourceVersion "1"]
[SourceVersionDate "2016.10.25"]
[SourceQuality "1"]

1. e4 c5 2. Nf3 Nc6 3. Nc3 d6 4. d4 cxd4 5. Nxd4 Nf6 6. Bc4 g6 7. 0-0 Bg7 8. Nf3 0-0 9. Bg5 a6 10. Re1 b5 11. Bd5 Nxd5 12. exd5 Ne5 13. Nd4 Re8 14. f4 Ng4 15. h3 Qb6 16. hxg4 Bxd4+ 17. Kh1 f6 18. Bh4 Bb7 19. Re2 Rac8 20. Qd3 Kf7 21. Rae1 Qc5 22. Ne4 Qxd5 23. c3 Bb6 24. Qxd5+ Bxd5 25. a3 h6 26. g5 f5 27. Nd2 h5 28. Bf2 Bxf2 29. Rxf2 Bc4 30. Nxc4 Rxc4 31. g3 e5 32. fxe5 Rxe5 33. Rd1 Ke6 34. Kg2 d5 35. Rfd2 Rce4 36. Kf2 f4 37. gxf4 Rxf4+ 38. Kg1 Rg4+ 39. Kf2 Rgxg5 40. Rh1 Ref5+ 41. Ke1 Rg4 42. Rdh2 Ke5 43. Ke2 Ke4 44. Rh3 Rg2+ 45. Ke1 Rf3 46. Rh4+ Ke3 47. Rd4 Rxb2 0-1